Катализатор для пиролиза углеводородного сырья, способ его получения и способ пиролиза углеводородного сырья в олефины С2-C4
| Körperschaft: | |
|---|---|
| Weitere Verfasser: | , , , , |
| Zusammenfassung: | опубл. 10.02.04 Изобретение относится к получению низших олефинов и может быть использовано в химической и нефтехимической промышленности, в частности к способу получения катализаторов для пиролиза углеводородного сырья и способу пиролиза углеводородного сырья с целью получения низших олефинов С2-С4. В фонде НТБ ТПУ отсутствует |
| Sprache: | Russisch |
| Veröffentlicht: |
|
| Schlagworte: | |
| Format: | MixedMaterials Buch |
| KOHA link: | https://koha.lib.tpu.ru/cgi-bin/koha/opac-detail.pl?biblionumber=602419 |
MARC
| LEADER | 00000nam0a2200000 4500 | ||
|---|---|---|---|
| 001 | 602419 | ||
| 005 | 20240206091922.0 | ||
| 029 | 1 | 0 | |a RU |b 2223144 |c Пат. |d МПК B 01 J 23/02 |d МПК B 01 J 21/02 |d МПК B 01 J 27/16 |d МПК C 10 G 11/04 |d МПК C 10 G 11/12 |
| 035 | |a (RuTPU)RU\TPU\tpu\28212 | ||
| 035 | |a RU\TPU\tpu\28211 | ||
| 039 | 0 | |a RU |b 2002118299/04 |c 20020708 | |
| 090 | |a 602419 | ||
| 100 | |a 20160208j20040210k y0rusy50 ca | ||
| 101 | 0 | |a rus | |
| 102 | |a RU | ||
| 105 | |a a k 000zy | ||
| 200 | 1 | |a Катализатор для пиролиза углеводородного сырья, способ его получения и способ пиролиза углеводородного сырья в олефины С2-C4 |f В. И. Ерофеев [и др.] |g Томский нефтехимический комбинат (ТНХК) | |
| 300 | |a опубл. 10.02.04 | ||
| 330 | |a Изобретение относится к получению низших олефинов и может быть использовано в химической и нефтехимической промышленности, в частности к способу получения катализаторов для пиролиза углеводородного сырья и способу пиролиза углеводородного сырья с целью получения низших олефинов С2-С4. | ||
| 333 | |a В фонде НТБ ТПУ отсутствует | ||
| 610 | 1 | |a патенты | |
| 610 | 1 | |a труды учёных ТПУ | |
| 701 | 1 | |a Ерофеев |b В. И. |c специалист в области нефтегазового дела |c профессор Томского политехнического университета, доктор технических наук |f 1946- |g Владимир Иванович |3 (RuTPU)RU\TPU\pers\26104 |9 11934 | |
| 701 | 1 | |a Трофимова |b А. С. | |
| 701 | 1 | |a Коваль |b Л. М. | |
| 701 | 1 | |a Ермизин |b К. В. | |
| 701 | 1 | |a Кузнецов |b Н. Н. | |
| 712 | 0 | 2 | |a Томский нефтехимический комбинат (ТНХК) |3 (RuTPU)RU\TPU\col\223 |
| 801 | 1 | |a RU |b 63413507 |c 20120201 | |
| 801 | 2 | |a RU |b 63413507 |c 20160208 |g RCR | |
| 942 | |c BK | ||